000
00284 a2200109 4500
001
ART_17818
005
20260410161700.0
008
260409a
245
1
0
_a
Consumo
100
1
_a
Dueñas, Daniel E.
773
0
_t
Ensayos Económicos
_g
- Nº 33 (mar. 1985)
_w
REV620
999
_c
15121
_d
15121